000
00251nam a2200097Ia 4500
001
1212610
005
20250827024458.0
008
250824s9999 xx 000 0 und d
245
0
_a
BEN KAZANMADAN BİTMEZ
_c
BİRCAN YILDIRIM
260
_b
DESTEK YAYINLARI
999
_c
1212610
_d
1212610